Statistiques concernant Effectif Allemagne Coupe du Monde 2022

Cliquez ici pour prendre le quiz!

Statistiques générales

  • Ce quiz a été pris 227 fois
    (225 depuis la dernière actualisation)
  • Le résultat moyen est 17 sur 27

Statistiques - réponses

POSTECLUBNUMEROJOUEUR% Correct
GBayern Munich1Manuel Neuer
98%
DEFReal Madrid2Antonio Rüdiger
96%
GFC Barcelone22Marc-André ter Stegen
95%
ATTBayern Munich13Thomas Müller
92%
MILBayern Munich6Joshua Kimmich
90%
GEintracht Frankfurt12Kevin Trapp
90%
ATTBayern Munich19Leroy Sané
87%
MILManchester City21Ilkay Gündogan
84%
ATTBayern Munich10Serge Gnabry
84%
ATTChelsea7Kai Havertz
83%
MILBayern Munich8Leon Goretzka
83%
MILBayern Munich14Jamal Musiala
81%
DEFBorussia Dortmund15Niklas Süle
64%
COACH--Hansi Flick
60%
DEFBorussia Dortmund23Nico Schlotterbeck
57%
ATTWerder Brême9Niclas Füllkrug
54%
DEFWest Ham5Thilo Kehrer
53%
DEFRB Leipzig16Lukas Klostermann
46%
ATTBorussia Dortmund26Youssoufa Moukoko
46%
MILBorussia Dortmund17Julian Brandt
45%
ATTBorussia Dortmund24Karim Adeyemi
45%
ATTEintracht Frankfurt11Mario Götze
39%
DEFSC Fribourg4Matthias Ginter
39%
DEFRB Leipzig3David Raum
36%
DEFSC Fribourg20Christian Günter
29%
DEFSouthampton25Armel Bella-Kotchap
25%
MILBorussia M'gladbach18Jonas Hofmann
25%

Distribution des résultats

Percentile par nombre de réponses

% des personnes avec chaque résultat

Votre développement - résultats

Vous n’avez pas pris ce quiz depuis la dernière actualisation